000 004850000a22001810004500
003 MACL
005 20151027153142.0
008 151027b xxu||||| |||| 00| 0 eng d
040 _aMACL
_cMACL
041 _aEnglish
082 _a920/DUT
100 _aDutta, Ajit Kumar
_917035
245 _aThe Great Assam Tea Planter
_bMartyr Maniram Dewan
260 _bAroon Chandra Barooah & Family
_c2007
_aGuwahati
350 _a100
650 _aBiography
_917036
942 _cBK
_k920/DUT
_2ddc
999 _c43959
_d43959